[Event "Biel Rapid op 58th"]
[Site "Biel"]
[Date "2025.07.13"]
[Round "9"]
[White "Talwalkar, Vedant"]
[Black "Panchanathan, Magesh Chandran"]
[Result "0-1"]
[WhiteElo "2014"]
[BlackElo "2454"]
[PlyCount "78"]
[EventDate "2025.07.13"]
[EventType "swiss (rapid)"]
[EventRounds "9"]
[EventCountry "SUI"]
[SourceTitle "CB29_2025"]
[SourceDate "2025.07.16"]
[SourceVersion "1"]
[SourceVersionDate "2025.07.16"]
[SourceQuality "1"]

1. e4 e5 2. Nf3 Nc6 3. Bb5 a6 4. Ba4 Nf6 5. d3 d6 6. c3 Be7 7. 0-0 0-0 8. Re1 h6 9. Nbd2 Bd7 10. Nf1 Re8 11. Ne3 Bf8 12. b4 b5 13. Bb3 a5 14. Bd2 a4 15. Bc2 Be6 16. d4 exd4 17. Nxd4 Bd7 18. Nef5 Nxd4 19. cxd4 Bxf5 20. exf5 Rxe1+ 21. Bxe1 Qd7 22. Qf3 d5 23. a3 Re8 24. Bd2 Ne4 25. Be3 Qc6 26. Rc1 Qf6 27. Bd3 c6 28. h3 Qd6 29. Bf4 Qd7 30. Re1 Qxf5 31. Be5 Qxf3 32. gxf3 Nd2 33. Re3 Nc4 34. Bxc4 dxc4 35. Rc3 Rd8 36. Kf1 f6 37. Bf4 Rxd4 38. Be3 Rd1+ 39. Ke2 Rb1 0-1

[Event "US Masters op"]
[Site "Charlotte"]
[Date "2024.12.01"]
[Round "8"]
[White "Panchanathan, Magesh Chandran"]
[Black "Belenkaya, Dina"]
[Result "0-1"]
[WhiteElo "2461"]
[BlackElo "2151"]
[PlyCount "108"]
[EventDate "2024.11.27"]
[EventType "swiss"]
[EventRounds "9"]
[EventCountry "USA"]
[SourceTitle "CB49_2024"]
[SourceDate "2024.12.04"]
[SourceVersion "1"]
[SourceVersionDate "2024.12.04"]
[SourceQuality "1"]

1. b3 d5 2. Bb2 Nf6 3. g3 e6 4. Bg2 Be7 5. c4 0-0 6. Nf3 Nbd7 7. 0-0 b6 8. cxd5 exd5 9. Nc3 Bb7 10. d3 Re8 11. Rc1 a6 12. e3 Bd6 13. Ne2 b5 14. d4 b4 15. Nf4 Ne4 16. Nd3 f6 17. Nh4 g6 18. Qg4 Bc8 19. Nxg6 hxg6 20. Qxg6+ Kf8 21. f4 Qe7 22. Ne5 Qg7 23. Bxe4 dxe4 24. Qxe4 Nb6 25. Qf3 Kg8 26. e4 fxe5 27. dxe5 Bg4 28. Qf2 Bf8 29. e6 Qh7 30. f5 c5 31. Qf4 Qh5 32. Rc2 Bh6 33. Qf2 Rad8 34. Bc1 Bf8 35. Be3 Bh3 36. Re1 Rd1 37. Rce2 Red8 38. Bd2 Rxe1+ 39. Rxe1 Qg4 40. Qf4 Qxf4 41. Bxf4 Rd3 42. Be3 Nc8 43. g4 c4 44. Kf2 Nd6 45. bxc4 Nxc4 46. Ba7 Bd6 47. f6 Rd2+ 48. Kg1 Rg2+ 49. Kh1 Rxh2+ 50. Kg1 Rg2+ 51. Kh1 Rxg4 52. f7+ Kf8 53. e5 Bg2+ 54. Kh2 Nxe5 0-1

[Event "US Masters op"]
[Site "Charlotte"]
[Date "2024.11.29"]
[Round "5"]
[White "Antipov, Mikhail Al"]
[Black "Panchanathan, Magesh Chandran"]
[Result "1/2-1/2"]
[WhiteElo "2602"]
[BlackElo "2461"]
[PlyCount "92"]
[EventDate "2024.11.27"]
[EventType "swiss"]
[EventRounds "9"]
[EventCountry "USA"]
[SourceTitle "CB49_2024"]
[SourceDate "2024.12.04"]
[SourceVersion "1"]
[SourceVersionDate "2024.12.04"]
[SourceQuality "1"]

1. e4 e5 2. Nf3 d6 3. Bc4 Be7 4. 0-0 Nf6 5. d3 0-0 6. Nc3 h6 7. h3 Re8 8. a4 Bf8 9. Re1 a5 10. Be3 c6 11. Ba2 d5 12. Bd2 d4 13. Ne2 Nfd7 14. c3 c5 15. Nh2 Qb6 16. f4 Nc6 17. f5 c4 18. cxd4 cxd3 19. Nc3 Nb4 20. Bb3 exd4 21. Nb5 Nc5 22. Bxb4 Nxb3 23. Bxf8 Nxa1 24. Bxg7 Kxg7 25. Qg4+ Kh7 26. Qh5 Rg8 27. Ng4 Nc2 28. e5 Bxf5 29. Qxf7+ Rg7 30. Qxf5+ Qg6 31. Qxg6+ Kxg6 32. Rd1 h5 33. Nf2 Ne3 34. Rxd3 Kh6 35. g4 hxg4 36. Nxd4 gxh3+ 37. Kh1 Rf8 38. Rxe3 Rxf2 39. e6 h2 40. Ne2 Re7 41. Nc3 Rxb2 42. Nd5 Rg7 43. Rh3+ Kg5 44. Rg3+ Kh6 45. Rh3+ Kg6 46. Rg3+ Kh6 1/2-1/2